Busiest Amtrak Stations - Statistics

General Stats
  • This quiz has been taken 417 times
  • The average score is 17 of 23
Answer Stats
2016 ridership Answer % Correct
10,189,521 Penn Station (NYC)
100%
4,971,128 Union Station (DC)
98%
3,295,630 Chicago Union Station
97%
1,544,169 South Station (Boston)
96%
1,589,391 Union Station (LA)
96%
4,138.777 30th Street Station (Philadelphia)
95%
578,403 Back Bay (Boston)
94%
669,609 BWI Rail Station (MD)
90%
993,721 Penn Station (Baltimore)
90%
587,928 Emeryville (CA)
88%
604,832 King Street Station (Seattle)
85%
641,346 Penn Station (Newark, NJ)
81%
561,596 Union Station (Portland)
79%
773,497 Santa Fe Depot (San Diego)
78%
690,752 Providence Station (RI)
75%
698,656 Union Station (New Haven)
70%
825,353 Albany - Rensselaer
60%
1.027,013 Sacramento Valley Station
57%
594,076 Milwaukee Intermodal Station
56%
700,431 Wilmington Station (Delaware)
50%
508,865 Harrisburg Transportation Center (PA)
37%
513,864 Bakersfield (CA)
23%
541,252 Lancaster (PA)
19%
No matching quizzes found
Score Distribution
Percent of People with Each Score
Percentile by Number Answered
Your Score History
You have not taken this quiz